000 00521nam a2200145Ia 4500
008 171212s9999 xx 000 0 und d
020 _a9781925022988
100 _aTrevor Wilson,
245 _cTrevor Wilson,
_aEyewitness to Early Reform in Myanmar
260 _bANU E Press
_c2016
440 _aAsian Studies Series
650 _aDemocratization -- Burma; Government, Resistance to -- Burma; Burma -- Politics and government -- 1988-
650 _aPolitical Science
856 _uhttp://jstor.org/stable/j.ctt1bw1hbp
999 _c351105
_d351105